00754cam a22002291 4500001001300000003000400013005001700017008004100034010001700075035001900092040004100111050002200152051001500174082001900189100003100208245006100239260005200300300006700352490005200419651003600471999001700507gs 18000101 DLC20260227111322.0770412s1917 waubf 000 0 eng c ags 18000101  a(OCoLC)2882774 aU.S. Geol. survey. LibrarycTNJdDLC00aQE175b.A3 no. 17 aF889b.L25 a284aW4e no.171 aLandes, Henry,d1867-1936.12aA geographic dictionary of Washington,cby Henry Landes. aOlympia,bF. M. Lamborn, public printer,c1917. a346 p.bincl. pl. 2-10 (maps, diagrs.) fold. pl. (map)c23 cm.0 aWashington. Geological survey. Bulletinvno. 17 0aWashington (State)vGazetteers. c25825d25825